00388nam a2200157Ia 45000010006000000050017000060080041000230410008000640820017000721000026000892450057001152600009001723000033001816500008002146540008002221757620260306171527.0260306s9999||||xx |||||||||||||| ||und|| aESP a658.049bD23 aDaniels, John D.eAUT 0aInternational business:benvironments and operations c2004 axxxi 701 páginas :c28 cm. aGEN aCAN